000
00271nam a2200109Ia 4500
008
190216s9999||||xx |||||||||||||| ||und||
100
_a
Ernest Schanzer
245
4
_a
The Problems Plays Of Shakespare
260
_b
Routledge & Kegan Paul
650
_a
English
942
_c
BK
999
_c
12413
_d
12413